<?xml version="1.0" encoding="UTF-8"?><?xml-stylesheet type="text/xsl" href="static/style.xsl"?><OAI-PMH xmlns="http://www.openarchives.org/OAI/2.0/" xmlns:xsi="http://www.w3.org/2001/XMLSchema-instance" xsi:schemaLocation="http://www.openarchives.org/OAI/2.0/ http://www.openarchives.org/OAI/2.0/OAI-PMH.xsd"><responseDate>2026-06-02T16:28:26Z</responseDate><request verb="GetRecord" identifier="oai:riuma.uma.es:10630/31145" metadataPrefix="marc">https://riuma.uma.es/rest/oai/request</request><GetRecord><record><header><identifier>oai:riuma.uma.es:10630/31145</identifier><datestamp>2026-02-03T10:55:55Z</datestamp><setSpec>com_10630_2254</setSpec><setSpec>col_10630_37953</setSpec></header><metadata><record xmlns="http://www.loc.gov/MARC21/slim" xmlns:dcterms="http://purl.org/dc/terms/" xmlns:doc="http://www.lyncode.com/xoai" xmlns:xsi="http://www.w3.org/2001/XMLSchema-instance" xsi:schemaLocation="http://www.loc.gov/MARC21/slim http://www.loc.gov/standards/marcxml/schema/MARC21slim.xsd">
   <leader>00925njm 22002777a 4500</leader>
   <datafield ind2=" " ind1=" " tag="042">
      <subfield code="a">dc</subfield>
   </datafield>
   <datafield ind2=" " ind1=" " tag="720">
      <subfield code="a">Ortego-Rico, Pablo</subfield>
      <subfield code="e">author</subfield>
   </datafield>
   <datafield ind2=" " ind1=" " tag="260">
      <subfield code="c">2020</subfield>
   </datafield>
   <datafield ind2=" " ind1=" " tag="520">
      <subfield code="a">El pleito por la herencia de Alí de San Salvador, mudéjar vecino de Guadalajara fallecido antes de junio de 1501, que enfrentó entre 1517 y 1519 a sus herederos, permite valorar desde un punto de vista interno diversos aspectos sobre la identidad de las comunidades musulmanas de Castilla en el tránsito entre las épocas mudéjar y morisca. Gracias a la incorporación en la sentencia de la traducción castellana de dos documentos escritos originalmente en árabe (carta de matrimonio y partición hereditaria) se constata la continuidad de la producción notarial típicamente árabe en el marco institucional de esta aljama. También se profundiza en elementos identitarios vinculados a la tradición islámica –como el mantenimiento de la práctica jurídica–, en la cultura material doméstica de una familia mudéjar y en sus relaciones intra-comunitarias. Asimismo, el pleito hace aflorar el rechazo a comienzos del siglo XVI en la práctica judicial castellana de la documentación árabe como instrumento probatorio, dentro de las estrategias empleadas para negar validez a los usos legales de origen islámico.</subfield>
   </datafield>
   <datafield ind1="8" ind2=" " tag="024">
      <subfield code="a">Ortego Rico, P. (2020). Producción notarial árabe, práctica jurídica islámica y relaciones intra comunitarias entre los mudéjares/moriscos de Guadalajara: el pleito por la  herencia de Alí de San Salvador/de Torres (1501-1519). EHumanista Conversos, 8, 122–161.</subfield>
   </datafield>
   <datafield ind1="8" ind2=" " tag="024">
      <subfield code="a">1540-5877</subfield>
   </datafield>
   <datafield ind1="8" ind2=" " tag="024">
      <subfield code="a">https://hdl.handle.net/10630/31145</subfield>
   </datafield>
   <datafield tag="653" ind2=" " ind1=" ">
      <subfield code="a">Islam - Derecho - S. XV - XVI</subfield>
   </datafield>
   <datafield tag="653" ind2=" " ind1=" ">
      <subfield code="a">Moriscos - Guadalajara</subfield>
   </datafield>
   <datafield tag="653" ind2=" " ind1=" ">
      <subfield code="a">Herencia y sucesión</subfield>
   </datafield>
   <datafield ind2="0" ind1="0" tag="245">
      <subfield code="a">Producción notarial árabe, práctica jurídica islámica y relaciones intra-comunitarias entre los mudéjares/moriscos de Guadalajara: el pleito por la herencia de Alí de San Salvador/de Torres (1501-1519).</subfield>
   </datafield>
</record>
</metadata></record></GetRecord></OAI-PMH>